Normal neuroradiology : (Record no. 3512)

000 -LEADER
fixed length control field 01054pam a2200301 i 4500
003 - CONTROL NUMBER IDENTIFIER
control field OSt
005 - DATE AND TIME OF LATEST TRANSACTION
control field 20211118134926.0
008 - FIXED-LENGTH DATA ELEMENTS--GENERAL INFORMATION
fixed length control field 790907s1979 ilua b 001 0 eng
020 ## - INTERNATIONAL STANDARD BOOK NUMBER
International Standard Book Number 0815187327 :
040 ## - CATALOGING SOURCE
Transcribing agency ALUPE UNIVERSITY COLLEGE
050 00 - LIBRARY OF CONGRESS CALL NUMBER
Classification number RC373
Item number .T38 1979
060 ## - NATIONAL LIBRARY OF MEDICINE CALL NUMBER
Classification number WE17 T233n
100 1# - MAIN ENTRY--PERSONAL NAME
Personal name Taveras, Juan M.
245 10 - TITLE STATEMENT
Title Normal neuroradiology :
Remainder of title and atlas of the skull, sinuses ; and facial bones /
Statement of responsibility, etc. Juan M. Taveras, Francesco Morello.
260 ## - PUBLICATION, DISTRIBUTION, ETC.
Place of publication, distribution, etc. Chicago :
Name of publisher, distributor, etc. Year Book Medical Publishers,
Date of publication, distribution, etc. c1979.
300 ## - PHYSICAL DESCRIPTION
Extent ix, 752 p. :
Other physical details ill. ;
Dimensions 24 x 31 cm.
504 ## - BIBLIOGRAPHY, ETC. NOTE
Bibliography, etc. note Includes bibliographies and index.
650 #0 - SUBJECT ADDED ENTRY--TOPICAL TERM
Topical term or geographic name entry element Central nervous system
General subdivision Radiography
-- Atlases.
650 #0 - SUBJECT ADDED ENTRY--TOPICAL TERM
Topical term or geographic name entry element Skull
General subdivision Radiography
-- Atlases.
650 #0 - SUBJECT ADDED ENTRY--TOPICAL TERM
Topical term or geographic name entry element Radiography, Medical
General subdivision Atlases.
650 #2 - SUBJECT ADDED ENTRY--TOPICAL TERM
Topical term or geographic name entry element Skull
General subdivision Radiography.
650 #2 - SUBJECT ADDED ENTRY--TOPICAL TERM
Topical term or geographic name entry element Face
General subdivision Radiography.
650 #2 - SUBJECT ADDED ENTRY--TOPICAL TERM
Topical term or geographic name entry element Paranasal sinuses
General subdivision Radiography.
650 #2 - SUBJECT ADDED ENTRY--TOPICAL TERM
Topical term or geographic name entry element Neuroradiography.
700 1# - ADDED ENTRY--PERSONAL NAME
Personal name Morello, Francesco,
Relator term joint author.
906 ## - LOCAL DATA ELEMENT F, LDF (RLIN)
a 7
b cbc
c orignew
d 1
e ocip
f 19
g y-gencatlg
942 ## - ADDED ENTRY ELEMENTS (KOHA)
Source of classification or shelving scheme
Koha item type Book
Suppress in OPAC PW
Holdings
Withdrawn status Lost status Source of classification or shelving scheme Damaged status Not for loan Permanent Location Current Location Shelving location Date acquired Source of acquisition Total Checkouts Full call number Barcode Date last seen Price effective from Koha item type Public note
          AU LIBRARY AU LIBRARY Open Shelf 18.11.2021 DONATION FROM MOI UNIVERSITY   RC373 .T38 1979 28004836 18.11.2021 18.11.2021 Book PW

Powered by Koha